Squadra della stagione della UEFA Champions League - 2018-2019 - Statistics

Statistiche generali
  • Questo quiz è stato fatto 14 volte
  • Il punteggio medio è 13 su 20
Statistiche sulle risposte
Ruolo Nazione Squadra Calciatore % Corretto
Portiere Brasile Liverpool Alisson
92%
Portiere Germania Barcellona Marc-André ter Stegen
92%
Centrocampista Belgio Manchester City Kevin De Bruyne
85%
Difensore Paesi Bassi Ajax Matthijs de Ligt
85%
Difensore Paesi Bassi Liverpool Virgil van Dijk
85%
Attaccante Portogallo Juventus Cristiano Ronaldo
77%
Attaccante Argentina Barcellona Lionel Messi
77%
Difensore Inghilterra Liverpool Trent Alexander-Arnold
77%
Difensore Scozia Liverpool Andrew Robertson
69%
Centrocampista Paesi Bassi Ajax Frenkie de Jong
69%
Centrocampista Francia Tottenham Moussa Sissoko
69%
Attaccante Senegal Liverpool Sadio Mané
69%
Centrocampista Marocco Ajax Hakim Ziyech
62%
Difensore Belgio Tottenham Jan Vertonghen
62%
Attaccante Serbia Ajax Dušan Tadić
54%
Centrocampista Brasile Ajax David Neres
46%
Centrocampista Paesi Bassi Liverpool Georginio Wijnaldum
46%
Attaccante Brasile Tottenham Lucas Moura
46%
Centrocampista Inghilterra Manchester City Raheem Sterling
23%
Centrocampista Francia Olympique Lione Tanguy Ndombele
8%
Nessun quiz corrispondente trovato
Distribuzione punteggi
Percentuale di utenti per punteggio
Percentile per numero di risposta
I tuoi punteggi nel tempo
Non hai fatto questo quiz